Personnes célèbres nées dans les Pyrénées-Orientales - Statistiques

Statistiques générales
  • Ce quiz a été pris 37 fois
  • Le résultat moyen est 3 sur 10
Statistiques - réponses
Indice Commune Prsonnalité % Correct
Biathlète six fois champion olympique Céret Martin Fourcade
91%
Maréchal généralissime des armées françaises de 1914 à 1916 Rivesaltes Joseph Joffre
59%
Chanteur interprète de C'est quand le bonheur ? Perpignan Cali
35%
Vidéastes à l'origine de la chaîne Joueur du Grenier Perpignan Frédéric Molas
32%
Portraitiste de Louis XIV dont il a peint le tableau en costume de sacre Perpignan Hyacinthe Rigaud
32%
Sculpteur rendu célèbre par ses représentations de corps féminins dénudés donnant son nom à un musée parisien, rue de Grenelle Banyuls-sur-Mer Aristide Maillol
29%
Ministre puis chef d'Etat sous la IIe République après avoir dirigé l'Observatoire de Paris Estagel François Arago
24%
Humoriste connu pour RTL sans filtre ou encore Les Terriens du dimanche ! Perpignan Mathieu Madénian
18%
Vidéastes à l'origine de la chaîne Joueur du Grenier Perpignan Sébastien Rassiat
15%
Ministre de l'Intérieur sous Clemenceau, de 1917 à 1920 Perpignan Jules Pams
6%
Aucun quiz correspondant
Distribution des résultats
% des personnes avec chaque résultat
Percentile par nombre de réponses
Votre historique - résultats
Vous n’avez pas pris ce quiz